01396nam a2200229 i 4500001000300000111011500003245008800118246008000206260004600286300002800332490024900360500021100609504003200820650002000852655002900872830008900901040000800990041001300998080001601011008004101027856009801068bg2 aOgólnopolska Konferencja Naukowo-Dydaktyczna Teorii Maszyn i Mechanizmówn(18 ;d2002 ;cLądek-Zdrój).06aXVIII Ogólnopolska Konferencja Naukowo-Dydaktyczna Teorii Maszyn i Mechanizmów.11aXVIII Polish Scientific Conference on the Theory of Machines and Mechanisms aWrocław :bOficyna Wydawnicza PW,c2002. a422 s. :bil. ;c24 cm.1 aPrace Naukowe Instytutu Konstrukcji i Eksploatacji Maszyn Politechniki Wrocławskiej =aScientific Papers of the Institute of Machine Design and Operation of the Wrocław University of Technology =aKonferencje. Conferences,x0324-9646 ;vnr 25 aTyt. równol.: XVIII Polish Scientific Conference on the Theory of Machines and Mechanisms. Nr serii gł.: 85. Miejsce i data konferencji: Lądek-Zdrój, 18-20 września 2002. - Streszcz. ang. przy ref. aBibliogr. przy ref. Indeks. 9aMaszynyxteoria aMateriały konferencyjne 0aPrace Naukowe Instytutu Konstrukcji i Eksploatacji Maszyn Politechniki Wrocławskiej cBPK0 apolbeng a621.01(061) s pl f |000 0 pol  uhttp://koha.tu.koszalin.pl/cgi-bin/koha/opac-detail.pl?biblionumber=42484yKatalog online BPK